| Tag |
First Indicator |
Second Indicator |
Subfields |
| LEADER |
00000cam a2200000 a 4500 |
| 001 |
in00001069807 |
| 005 |
20150929101614.0 |
| 008 |
901109s1991 miua b 001 0 eng |
| 010 |
|
|
|a 90023488
|
| 020 |
|
|
|a 0873714997
|
| 035 |
|
|
|a (OCoLC)22762938
|
| 035 |
|
|
|9 AFP2111AM
|
| 040 |
|
|
|a DLC
|c DLC
|d TXA
|d UtOrBLW
|
| 049 |
|
|
|a TXAM
|
| 050 |
0 |
0 |
|a QE516.T85
|b H67 1991
|
| 082 |
0 |
0 |
|a 551.9
|2 20
|
| 100 |
1 |
|
|a Horowitz, Arthur J.
|
| 245 |
1 |
2 |
|a A primer on sediment-trace element chemistry /
|c Arthur J. Horowitz.
|
| 250 |
|
|
|a 2nd ed.
|
| 264 |
|
1 |
|a Chelsea, Mich. :
|b Lewis Publishers,
|c [1991]
|
| 264 |
|
4 |
|c ©1991
|
| 300 |
|
|
|a viii, 136 pages :
|b illustrations ;
|c 27 cm.
|
| 336 |
|
|
|a text
|b txt
|2 rdacontent
|
| 337 |
|
|
|a unmediated
|b n
|2 rdamedia
|
| 338 |
|
|
|a volume
|b nc
|2 rdacarrier
|
| 500 |
|
|
|a Revised edition of: A primer on trace metal-sediment chemistry. 1985.
|
| 504 |
|
|
|a Includes bibliographical references (pages 119-134) and index.
|
| 650 |
|
0 |
|a Trace elements.
|
| 650 |
|
0 |
|a Metals.
|
| 650 |
|
0 |
|a Geochemistry.
|
| 650 |
|
0 |
|a Sediments (Geology)
|
| 700 |
1 |
|
|a Horowitz, Arthur J.
|t Primer on trace metal-sediment chemisty.
|
| 999 |
|
|
|a MARS
|
| 999 |
f |
f |
|s b9936105-e970-356b-a44c-f017946824f7
|i 7181cef5-1e71-3a19-aaf8-d6416a5ee655
|t 0
|
| 952 |
f |
f |
|p ric
|a Texas A&M University
|b Rellis Campus
|c Joint Library Facility
|s JLF
|d Remote Storage
|t 0
|e QE516.T85 H67 1991
|h Library of Congress classification
|i unmediated -- volume
|m A14815705052
|
| 998 |
f |
f |
|a QE516.T85 H67 1991
|t 0
|l Remote Storage
|